| 000 | 00543nam a22002057a 4500 | ||
|---|---|---|---|
| 005 | 20260511133340.0 | ||
| 008 | 260511b |||||||| |||| 00| 0 eng d | ||
| 037 | _cDSWL | ||
| 040 |
_aDSWL _cDSWL |
||
| 041 | _heng | ||
| 100 |
_aBraye, Suzy _91238982 |
||
| 245 | _aPractising Social Work Law | ||
| 250 | _a4th | ||
| 260 |
_aLondon, _bRed Globe Press, _c2016 |
||
| 300 | _a352p | ||
| 365 |
_aGBP _b30.99 |
||
| 700 |
_aMichael Preston-Shoot _91238983 |
||
| 942 |
_2CC _cTEXL _n0 |
||
| 999 |
_c1851181 _d1851181 |
||